000
00361nam a2200169Ia 4500
100
_a
Molisch/Andreas F
650
_a
Wireless communication
942
_c
BK
366
_f
25
654
_a
wireless
245
_a
Wireless communication
260
_b
Wiley India
_c
2005
082
_a
621.382
_b
MOL
300
_a
622
546
_a
ENGLISH
_c
TTL
999
_c
32979
_d
32979